| 000 | 02250cam a22003615i 4500 | ||
|---|---|---|---|
| 999 |
_c27130 _d27102 |
||
| 001 | 014595604 | ||
| 003 | Uk | ||
| 005 | 20190212144420.0 | ||
| 008 | 070912s2008 nyu frb 001 0 eng d | ||
| 015 |
_aGBA858861 _2bnb |
||
| 016 | 7 |
_a014595604 _2Uk |
|
| 020 | _a9780230605466 (hbk.) | ||
| 020 | _a023060546X (hbk.) | ||
| 040 |
_aStDuBDS _beng _cStDuBDS _dUk _dEG-ScBUE |
||
| 082 | 0 | 4 |
_a909.09767 _222 _bTYL |
| 100 | 1 | _aTyler, Aaron. | |
| 245 | 1 | 0 |
_aIslam, the West, and tolerance : _bconceiving coexistence / _cby Aaron Tyler. |
| 264 | 1 |
_aNew York : _bPalgrave Macmillan, _c2008. |
|
| 300 |
_a219 pages ; _c22 cm. |
||
| 336 |
_atext _2rdacontent |
||
| 337 |
_aunmediated _2rdamedia |
||
| 338 |
_avolume _2rdacarrier |
||
| 504 | _aIncludes bibliographical references (p. [205]-213) and index. | ||
| 505 | 0 | _aIntroduction -- Colliding or converging civilizations? -- A historical glimpse of tolerance in the West -- Modern tolerance : a practical and theoretical critique -- Discovering Islam : a taproot of tolerance -- A diverse sampling of tolerance in the history of Islam -- A consensus for coexistence : employing a strategy of tolerance. | |
| 520 | _a "This book provides an honest assessment of the contemporary relationship between Western and Islamic cultures and puts forth the cross-cultural idea of tolerance as one invaluable approach for affecting peaceful coexistence. For a sustainable coexistence to occur between Western and Muslim worlds, a disposition of tolerance toward otherness must be developed that permeates all levels of society, from local to global engagements. This timely comparative study presents a succinct analysis of select writings and practices of tolerance in Western and Islamic histories to show how a mutually esteemed conception of tolerance is discernable and absolutely essential in a world of enduring difference."--Jacket. | ||
| 650 | 7 |
_aEast and West. _2BUEsh _937081 |
|
| 650 | 7 |
_aIslam. _2BUEsh _926245 |
|
| 650 | 7 |
_aIslam _xRelations _xChristianity. _2BUEsh _941990 |
|
| 650 | 7 |
_aChristianity and other religions. _2BUEsh _921401 |
|
| 653 |
_bBUSBOL _cFebruary2019 |
||
| 856 | 4 | 1 |
_3Table of contents only _uhttp://www.loc.gov/catdir/enhancements/fy0812/2007037560-t.html |
| 942 |
_2ddc _cBB |
||